000 00610nam a2200229Ia 4500
003 OSt
005 20221002051322.0
006 a|||||r|||| 00| 0
007 ta
008 220930b |||||||| |||| 00| 0 eng d
024 _a26909
037 _cReference Collections
040 _aCRL
_cCRL
_beng
041 _2eng
_aeng
082 _aAk, M4;M9(RR)
245 0 _aMcGraw Hill yearbook of science and technology
260 _aNew York
_bMcgraw Hill USA
_c1989
300 _a440p.
_ccm.
650 _aSCIENCE
942 _hAk, M4;M9(RR)
_cref
_2CC
999 _c916505
_d916505